Reak Performance Women (Record no. 300031)

MARC details
000 -LEADER
fixed length control field 00369nam a2200157Ia 4500
008 - FIXED-LENGTH DATA ELEMENTS--GENERAL INFORMATION
fixed length control field 230718s9999 xx 000 0 und d
041 ## - LANGUAGE CODE
Language code of text/sound track or separate title eng
082 ## - DEWEY DECIMAL CLASSIFICATION NUMBER
Item number TRA
100 ## - MAIN ENTRY--PERSONAL NAME
Personal name Tracy B.
245 ## - TITLE STATEMENT
Title Reak Performance Women
260 ## - PUBLICATION, DISTRIBUTION, ETC. (IMPRINT)
Date of publication, distribution, etc. 1999
Name of publisher, distributor, etc. Jaico Pub. Hou.
300 ## - PHYSICAL DESCRIPTION
Extent 123
365 ## - TRADE PRICE
Currency code Rs.
Price amount 35.00
700 ## - ADDED ENTRY--PERSONAL NAME
Personal name Tracy B.
906 ## - LOCAL DATA ELEMENT F, LDF (RLIN)
d B:335224-Feb-2000
c OTH
b 5.25
Holdings
Withdrawn status Lost status Damaged status Not for loan Home library Current library Date acquired Vendor Budget Code Cost, normal purchase price Bill number Total Checkouts Barcode Date last seen Discount Cost, replacement price Bill Date Koha item type Original Barcode
        Cummins College of Engineering for Women Pune Cummins College of Engineering for Women Pune 09/03/2000 Tbs OTH 29.75 3352   CCEP-BK-11237 18/07/2023 5.25 35.00 24/02/2000 Books 011237